Nouvelles extraordinaires de divers endroits

Bibliographic Details
New Title:Nouvelles politiques
Other Authors: Luzac, Etienne (Printer)
Format: Journal
Language:French
PhysicalDescription:21 cm
Subjects:

MARC

LEADER 00000nas a2200000 4500
001 vtls012277927
003 SK-MaSNL
005 20260228160530.0
008 250611d16801798fr cr p 000 b0fre
015 |a SNBHFB 
040 |a SNKHF  |b slo  |c SNKHF  |e rda 
041 0 |a fre 
044 |a fr  |c FR 
072 7 |a 32  |x Politika  |2 konspekt 
080 |a (051)-048.55  |2 2011 
080 |a 32  |2 2011 
245 0 0 |a Nouvelles extraordinaires de divers endroits 
264 3 |a A Leyde  |b par Etienne Luzac  |c [1680-1798] 
300 |a 21 cm 
310 |a 2x týždenne 
336 |a text  |b txt  |2 rdacontent 
337 |a bez média  |b n  |2 rdamedia 
338 |a zväzok  |b nc  |2 rdacarrierr 
362 0 |a [Rok 1680-rok 1798]  |z ZDB/2025 
561 |a Proveniencia: pečiatka Dr. E. Kadarász - ver. not. poz. Margity Zayovej Čís. 11832.  |5 SNK ČC 4463/1766 
561 |a Proveniencia: pečiatka Dr. E. Kadarász - ver. not. poz. Margity Zayovej Čís. 11833-11841.  |5 SNK ČC 4463/1778-1783 
561 |a Proveniencia: pečiatka Dr. E. Kadarász - ver. not. poz. Margity Zayovej Čís. 11844.  |5 SNK ČC 4463/1784 
588 |a Popis podľa: Numero XXIV. (1766) 
650 0 7 |a politika  |2 SNKPH  |9 968 
655 7 |a špecializované časopisy  |2 SNKPH  |9 70509 
700 1 |a Luzac, Etienne  |4 prt  |9 266827 
752 |a Francúzsko  |d Leyde 
785 0 0 |t Nouvelles politiques 
852 |a snk  |b Zaiova knižnica: Zay 11339  |p ČC 4463/1766 
852 |a snk  |b Zaiova knižnica: Zay 11340  |p ČC 4463/1778-1783 
852 |a snk  |b Zaiova knižnica: Zay 11349  |p ČC 4463/1784 
958 |a D‬‬D 
999 |c 2893  |d 4823 
952 |0 0  |1 0  |4 0  |7 0  |8 5  |a SNK  |b SNK  |c SNK_HF  |d 2025-06-11  |i snk2025/9279  |l 0  |o snkČC 4463/1779  |p 17A1489866  |r 2026-02-21 22:34:04  |t Zay 11341  |w 2026-02-21  |y PREZ 
952 |0 0  |1 0  |4 0  |7 0  |8 5  |a SNK  |b SNK  |c SNK_HF  |d 2025-06-11  |i snk2025/9281  |l 0  |o snkČC 4463/1780/1  |p 17A1489865  |r 2026-02-21 22:34:04  |t Zay 11342  |w 2026-02-21  |y PREZ 
952 |0 0  |1 0  |4 0  |7 0  |8 5  |a SNK  |b SNK  |c SNK_HF  |d 2025-06-11  |i snk2025/9282  |l 0  |o snkČC 4463/1780/2  |p 17A1489864  |r 2026-02-21 22:34:04  |t Zay 11343  |w 2026-02-21  |y PREZ 
952 |0 0  |1 0  |4 0  |7 0  |8 5  |a SNK  |b SNK  |c SNK_HF  |d 2025-06-11  |i snk2025/9283  |l 0  |o snkČC 4463/1781/1  |p 17A1489863  |r 2026-02-21 22:34:04  |t Zay 11344  |w 2026-02-21  |y PREZ 
952 |0 0  |1 0  |4 0  |7 0  |8 5  |a SNK  |b SNK  |c SNK_HF  |d 2025-06-11  |i snk2025/9285  |l 0  |o snkČC 4463/1781/2  |p 17A1489862  |r 2026-02-21 22:34:04  |t Zay 11345  |w 2026-02-21  |y PREZ 
952 |0 0  |1 0  |4 0  |7 0  |8 5  |a SNK  |b SNK  |c SNK_HF  |d 2025-06-11  |i snk2025/9286  |l 0  |o snkČC 4463/1782/1  |p 17A1489861  |r 2026-02-21 22:34:04  |t Zay 11346  |w 2026-02-21  |y PREZ 
952 |0 0  |1 0  |4 0  |7 0  |8 5  |a SNK  |b SNK  |c SNK_HF  |d 2025-06-11  |i snk2025/9287  |l 0  |o snkČC 4463/1782/1 D1  |p 17A1489860  |r 2026-02-21 22:34:04  |t Zay 11347  |w 2026-02-21  |y PREZ 
952 |0 0  |1 0  |4 0  |7 0  |8 5  |a SNK  |b SNK  |c SNK_HF  |d 2025-06-11  |i snk2025/9288  |l 0  |o snkČC 4463/1783  |p 17A1489859  |r 2026-02-21 22:34:04  |t Zay 11348  |w 2026-02-21  |y PREZ 
952 |0 0  |1 0  |4 0  |7 0  |8 5  |a SNK  |b SNK  |c SNK_HF  |d 2025-06-11  |i snk2025/9277  |l 0  |o snkČC 4463/1766  |p 17A1489868  |r 2026-02-21 22:34:05  |t Zay 11339  |w 2026-02-21  |y PREZ 
952 |0 0  |1 0  |4 0  |7 0  |8 5  |a SNK  |b SNK  |c SNK_HF  |d 2025-06-11  |i snk2025/9278  |l 0  |o snkČC 4463/1778  |p 17A1489867  |r 2026-02-21 22:34:05  |t Zay 11340  |w 2026-02-21  |y PREZ 
952 |0 0  |1 0  |4 0  |7 0  |8 5  |a SNK  |b SNK  |c SNK_HF  |d 2025-10-09  |i snk2025/16083  |l 0  |o snkČC 4463/1784  |p 17A1568961  |r 2026-02-21 22:34:42  |t Zay 11349  |w 2026-02-21  |y PREZ